000 00520nam a2200169Ia 4500
005 20250508162721.0
008 008 250505s9999 xx 000 0 eng d
037 _aBooks to be hide in OPAC
040 _aFEDL
_beng
_cFEDL
041 _aeng
_2eng
084 _aB, IND/O
_qFEDL
245 0 _aDevotional poets and mystics : Part 1
260 _aNew Delhi, India
_bMinistry of Information and Broadcasting, Government of India
_c1978
300 _a147p.
942 _cHB
_hB, IND/O
999 _c1378274
_d1378274